Kisah hidup seorang perantau

Bibliographic Details
Corporate Author: Perbadanan Perpustakaan Awam Johor
Format: Book
Published: Johor : Perbadanan Perpustakaan Awam Johor , 2019
Subjects:

MARC

LEADER 00000cam a2200000 7i4500
001 0000084281
005 20210204.0
008 191111
020 |a 9789672083207 
041 0 |a Malay 
090 0 0 |a JF   |b MAL 
245 0 0 |a Kisah hidup seorang perantau 
260 |a Johor :   |b Perbadanan Perpustakaan Awam Johor ,   |c 2019 
300 |a 24 p. :   |b col.,ill. ;   |c 24.1 cm. 
500 |a Children ages 7-9 years old (orange) 
541 0 0 |c Donation books   |f PPAJ 
650 0 |a Children's stories, Malay 
650 0 |a Government publications   |z Malaysia 
650 0 |a Malaysian fiction (Malay) 
710 1 |a Perbadanan Perpustakaan Awam Johor 
999 |a 0001595808   |b Book   |c Children Collection   |e Cawangan Muar 
999 |a 0001595809   |b Book   |c Children Collection   |e Cawangan Muar 
999 |a 0001595810   |b Book   |c Children Collection   |e Cawangan Muar 
999 |a 0001595811   |b Book   |c Children Collection   |e Cawangan Muar 
999 |a 0001595812   |b Book   |c Children Collection   |e Cawangan Muar 
999 |a 0001595813   |b Book   |c Children Collection   |e Cawangan Muar 
999 |a 0001595814   |b Book   |c Children Collection   |e Cawangan Muar 
999 |a 0001595815   |b Book   |c Children Collection   |e Cawangan Muar 
999 |a 0001595816   |b Book   |c Children Collection   |e Cawangan Muar 
999 |a 0001595817   |b Book   |c Children Collection   |e Cawangan Muar 
999 |a 0001650616   |b Book   |c Children Collection   |e Perbadanan Perpustakaan Awam Johor 
999 |a 0001650617   |b Book   |c Children Collection   |e Perbadanan Perpustakaan Awam Johor 
999 |a 0001650618   |b Book   |c Children Collection   |e Perbadanan Perpustakaan Awam Johor 
999 |a 0001650619   |b Book   |c Children Collection   |e Cawangan Urban Transformation Centre 
999 |a 0001650620   |b Book   |c Children Collection   |e Cawangan AEON Kulaijaya 
999 |a 0001695561   |b Book   |c Children Collection   |e Cawangan Taman Universiti 
999 |a 0001695562   |b Book   |c Children Collection   |e Cawangan Taman Universiti 
999 |a 0001695563   |b Book   |c Children Collection   |e Cawangan Taman Universiti 
999 |a 0001695564   |b Book   |c Children Collection   |e Cawangan Taman Universiti 
999 |a 0001695565   |b Book   |c Children Collection   |e Cawangan Taman Universiti